000
003000000a22001330004500
003
MACL
040
_a
MACL
090
_c
31312
_d
31311
100
_a
Hahn, Harley
245
_a
Teaches the Internet
260
_b
Prentice Hall Of India
_c
1999
650
_a
Computer Science
942
_c
BOOK
_k
004.678/HAH
999
_c
30998
_d
30998